000 00557nam a2200193Ia 4500
003 IN-BaIIA
008 211028s9999 xx 000 0 eng d
020 _a0-08-025041-6
040 _cIIA Library
080 _a538
_bKRA
100 _aKrause, F
_911780
245 0 _aMean-field magnetohydrodynamics and dynamo theory
_cF. Krause and K. H. Radler
260 _aOxford
_bPergamon Press
_c1980
300 _a271p.
650 _aAstronomy and astrophysics thesaurus
650 _aMagnetohydrodynamics
_91666
700 _aRadler, K. H.
_911781
942 _cBK
999 _c6875
_d6875